| 000 | 00537nam a2200217Ia 4500 | ||
|---|---|---|---|
| 008 | 170203s9999 xx 000 0 und d | ||
| 020 | _a0-671673025 | ||
| 050 | _aFic | ||
| 050 | _b.D621h 1979 | ||
| 100 | _aDixon, Franklin W. | ||
| 245 | 4 | _aThe Hardy Boys / | |
| 245 | _cFranklin Cixon. | ||
| 260 | _aU.S.A : | ||
| 260 | _bSimon & Schuster, Inc. | ||
| 260 | _c1979 | ||
| 300 | _a173 pages ; | ||
| 300 | _bill. ; | ||
| 300 | _c19 cm. | ||
| 440 | _aHardy boys mystery stories. | ||
| 650 | _aMystery and detective stories. | ||
| 999 |
_c306048 _d306048 |
||